| 000 | 01180nam a2200337Ia 4500 | ||
|---|---|---|---|
| 003 | OSt | ||
| 005 | 20221006160349.0 | ||
| 006 | a|||||r|||| 00| 0 | ||
| 007 | ta | ||
| 008 | 221006b |||||||| |||| 00| 0 eng d | ||
| 020 |
_a9781439814307 _c£72.99 |
||
| 024 | _a45,055 | ||
| 037 |
_b101-A/28-02-2014, 28/02/2014, Pioneer Book Distributor _cTextual |
||
| 040 |
_aEASL _cEASL _beng |
||
| 041 |
_2eng _aeng |
||
| 082 | _aU2894:8, P9 | ||
| 100 |
_aShaw Rajiv Ed. _9673048 |
||
| 245 | 0 |
_aDisasters management _b Global challenges and local solutions |
|
| 260 |
_aBoca Raton _bCRC Press _c2009 |
||
| 300 |
_a664p. _ccm. |
||
| 490 | _v Gen | ||
| 500 | _aR&D Budget: RM Sensei | ||
| 650 |
_a Disaster reduction technology _9673049 |
||
| 650 |
_a Education and community _9673050 |
||
| 650 |
_a Poverty and deprivation - Impact of disasters _9673051 |
||
| 650 |
_a Risk and vulnerability _9673052 |
||
| 650 |
_aHazards and disasters _9673053 |
||
| 700 |
_a Krishnamurthy R. R. Ed. _9673054 |
||
| 942 |
_hU2894:8, P9 _cTEXL _2CC |
||
| 999 |
_c1113147 _d1113147 |
||